'S'-Less Presidents Quiz Stats

 Plays Quiz Updated Jan 20, 2017

Challenge
Share
Tweet
Embed
Score 0/27 Timer 02:00
2 Plays Today
President % Correct
Barack Obama
94.9%
Abraham Lincoln
88.1%
Bill Clinton
88%
Donald Trump
87.3%
John F Kennedy
83.7%
Richard Nixon
82.6%
Ronald Reagan
81.4%
Jimmy Carter
79%
Gerald Ford
76.1%
William H Taft
73.8%
Harry S. Truman
71.5%
Ulysses S Grant
68.3%
Herbert Hoover
68.2%
James K Polk
67%
President % Correct
James Monroe
66.6%
John Tyler
59.8%
Calvin Coolidge
59.9%
Zachary Taylor
57.5%
Grover Cleveland
56.5%
James Garfield
55%
William McKinley
54.2%
Martin Van Buren
53.4%
Franklin Pierce
49.6%
James Buchanan
49.4%
Millard Fillmore
47.9%
Warren G Harding
46.4%
Chester A Arthur
45.2%

You're not logged in!

Compare scores with friends on all Sporcle quizzes.
Join for Free
OR
Log In

You Might Also Like...

Show Comments

Extras

Top Quizzes Today


Score Distribution

Your Account Isn't Verified!

In order to create a playlist on Sporcle, you need to verify the email address you used during registration. Go to your Sporcle Settings to finish the process.

Report this User

Report this user for behavior that violates our Community Guidelines.

Details: